000 01078nac a22002651u 4500
010 _a 2004016690
020 _a0415336228 (hardcover : alk. paper)
020 _a0415336236 (pbk. : alk. paper)
020 _a0203421434 (ebook)
082 0 0 _a690
_bM61
090 _c2687
_d2687
100 _aMillais, Malcolm.
245 1 0 _aBuilding structures :
_bfrom concepts to design /
_cMalcolm Millais.
250 _a2nd ed.
260 _aLondon ;
_aNew York :
_bSpon Press,2005
_c2005.
300 _avii, 423 p. :
_bill. ;
_c26 cm.
504 _aIncludes bibliographical references (p. [416]-417) and index.
650 0 _aBuildings.
650 0 _aStructural design.
650 0 _aStructural analysis (Engineering)
856 4 1 _3Table of contents only
_uhttp://www.loc.gov/catdir/toc/ecip0420/2004016690.html
856 4 1 _3Publisher description
_uhttp://www.loc.gov/catdir/enhancements/fy0651/2004016690-d.html
942 _cBB
_k690M61
999 _c2687
_d2687